Sentient trains - Statistics

General Stats
  • This quiz has been taken 16 times
  • The average score is 3 of 6
Answer Stats
Picture Answer % Correct
Thomas the tank engine
100%
Wilson
50%
Casey Jr
38%
Ivor the engine
38%
Tillie / The little engine who could
38%
Bakerloo
25%
No matching quizzes found
Score Distribution
Percent of People with Each Score
Percentile by Number Answered
Your Score History
You have not taken this quiz